Draft Housing (Scotland) Bill (Record no. 109511)
[ view plain ]
| 000 -LEADER | |
|---|---|
| fixed length control field | 02507cad a22002535a 4500 |
| 001 - CONTROL NUMBER | |
| control field | E147297 |
| 008 - FIXED-LENGTH DATA ELEMENTS--GENERAL INFORMATION | |
| fixed length control field | 090427s2009 xxk f s000 0 eng d |
| 020 ## - INTERNATIONAL STANDARD BOOK NUMBER | |
| International Standard Book Number | 9780755959891 |
| 035 ## - SYSTEM CONTROL NUMBER | |
| System control number | (Sirsi) u147297 |
| 041 0# - LANGUAGE CODE | |
| Language code of text/sound track or separate title | eng |
| 050 04 - LIBRARY OF CONGRESS CALL NUMBER | |
| Classification number | 306.1 $2 18 |
| 110 2# - MAIN ENTRY--CORPORATE NAME | |
| Corporate name or jurisdiction name as entry element | Scotland |
| Subordinate unit | Scottish Government |
| 9 (RLIN) | 5344 |
| 245 00 - TITLE STATEMENT | |
| Title | Draft Housing (Scotland) Bill |
| Remainder of title | a consultation |
| Medium | [electronic resource] |
| 260 ## - PUBLICATION, DISTRIBUTION, ETC. | |
| Place of publication, distribution, etc. | Edinburgh |
| Name of publisher, distributor, etc. | Scottish Government |
| Date of publication, distribution, etc. | 2009 |
| 505 2# - FORMATTED CONTENTS NOTE | |
| Formatted contents note | Executive summary -- Introduction -- Part 1, reforming Right to Buy: background; the need for change; progress since Firm Foundations; ending the Right to Buy for new supply social housing; ending the Right to Buy for new tenants; reforming pressured-area designations; developing guidance for RSL applications to extend the ten-year suspension; revising guidance on landlords' continuous occupation discretionary powers -- Part 2, modernising regulation: introduction; purpose of a modernised regime; modernising regulation, overview; streamlining regulation of social landlords; finding another term for 'social housing' the Scottish Social Housing Charter; status of the Scottish Housing Regulator; regulator's objective to safeguard and promote tenants' interests; Scottish Housing Regulator and other housing services; measuring performance and value and encouraging improvement; inquiries and information; Scottish Housing Regulator's intervention powers; securing the financial viability and good governance of RSLs; setting and applying regulatory criteria for those seeking to become RSLs; constitution, rule changes, amalgamation and dissolution of RSLs; disposal of land by RSLs -- Part 3, draft Housing (Scotland) Bill -- Annex A, draft equalities impact assessment -- Annex B, partial regulatory impact assessment |
| 520 ## - SUMMARY, ETC. | |
| Summary, etc. | Seeks views on a draft Housing (Scotland) Bill, which is proposed for introduction in 2010. It is hoped that the proposals will ensure the availability of social housing and increase its value for money. Proposals include the reform of the Right to Buy system, and the modernisation of the regulation of social housing. Deadline for comments is 14 August 2009. |
| 521 ## - TARGET AUDIENCE NOTE | |
| Target audience note | Advanced |
| 590 ## - LOCAL NOTE (RLIN) | |
| Local note | KA |
| 650 24 - SUBJECT ADDED ENTRY--TOPICAL TERM | |
| Topical term or geographic name entry element | HOUSING SCOTLAND BILL |
| 651 #4 - SUBJECT ADDED ENTRY--GEOGRAPHIC NAME | |
| Geographic name | Scotland |
| Chronological subdivision | 1999- |
| 690 ## - LOCAL SUBJECT ADDED ENTRY--TOPICAL TERM (OCLC, RLIN) | |
| Topical term or geographic name as entry element | PROPERTY-RESIDENTIAL PROPERTY-DOMESTIC RESIDENTIAL PROPERTY-HOUSING |
| 856 40 - ELECTRONIC LOCATION AND ACCESS | |
| Uniform Resource Identifier | <a href="https://www.scotland.gov.uk/Publications/2009/04/27095102/0">https://www.scotland.gov.uk/Publications/2009/04/27095102/0</a> |
| Public note | View the consultation free of charge at www.scotland.gov.uk... |
| 942 ## - ADDED ENTRY ELEMENTS (KOHA) | |
| Suppress in OPAC | 0 |
| Withdrawn status | Lost status | Source of classification or shelving scheme | Damaged status | Not for loan | Home library | Current library | Shelving location | Date acquired | Total Checkouts | Full call number | Barcode | Date last seen | Copy number | Price effective from | Koha item type |
|---|---|---|---|---|---|---|---|---|---|---|---|---|---|---|---|
| Dewey Decimal Classification | Virtual | Virtual | Online | 27/04/2009 | ONLINE PUBLICATION | 147297-2001 | 06/08/2019 | 1 | 06/08/2019 | Book |